EPIC: The Musical - Unnamed Characters - Statistics

General Stats
  • This quiz has been taken 87 times
  • The average score is 6 of 11
Answer Stats
First Appearance Answer % Correct
The Horse and the Infant Zeus
76%
Open Arms Winions
74%
The Underworld Anticlea
69%
Legendary Antinous
66%
Storm Elpenor
60%
Storm Perimedes
60%
Odysseus Eurymachus
56%
There Are Other Ways Tiresias
53%
Odysseus Melanthius
42%
Dangerous Princess Winion
34%
Odysseus Amphinomus
32%
No matching quizzes found
Score Distribution
Percent of People with Each Score
Percentile by Number Answered
Your Score History
You have not taken this quiz